000 00587cab a2200205 4500
001 ABS42701
008 090401t1990 xxu||||| |||| 00| 0 eng d
035 _a(Sirsi) u38440
041 _aeng
100 _aHolmes, K.
245 _a1992: joint ventures in the EC
260 _c1990
350 _a0
490 _aSingle Market Monitor
_v2(7) April 1990, 53-56(4)
520 _aStudies the position of joint ventures within the EC with regard to EC competition law .
650 _aSPECIALISATION AGREEMENTS
690 _aEUROPE-SINGLE MARKET
942 _n0
948 _c04/03/1997
999 _c24704
_d24704